Progress in planning (Record no. 409416)

000 -LEADER
fixed length control field 00408cam a22001457a 4500
008 - FIXED-LENGTH DATA ELEMENTS--GENERAL INFORMATION
fixed length control field 180718b1974 xxu||||| |||| 00| 0 eng d
020 ## - INTERNATIONAL STANDARD BOOK NUMBER
International Standard Book Number 0 08 017941 x
082 ## - DEWEY DECIMAL CLASSIFICATION NUMBER
Classification number J7 D541 2
100 ## - MAIN ENTRY--PERSONAL NAME
Personal name edited by Dr Diamond
245 ## - TITLE STATEMENT
Title Progress in planning
Statement of responsibility, etc. edited by Dr Diamond And J B Mcloughlin
260 ## - PUBLICATION, DISTRIBUTION, ETC.
Place of publication, distribution, etc. Oxford
Name of publisher, distributor, etc. Pergamon
Date of publication, distribution, etc. 1974
300 ## - PHYSICAL DESCRIPTION
Extent ix, 365p
650 ## - SUBJECT ADDED ENTRY--TOPICAL TERM
Topical term or geographic name entry element City planning.
700 ## - ADDED ENTRY--PERSONAL NAME
Personal name Mcloughlin, J B.
Holdings
Withdrawn status Lost status Damaged status Not for loan Permanent Location Current Location Date acquired Full call number Barcode Date last seen Price effective from Koha item type
        Indian Institute of Public Administration Indian Institute of Public Administration 2009-01-05 J7 D541 2 DA4731 2018-07-21 2018-07-21 DA

Powered by Koha